Confederación Cooperativa del Caribe y Centroamérica. ¿Qué es la CCC-CA? /

El documento consiste en un brochure informativo acerca de la Confederación de Cooperativas del Caribe y Centroamérica, en el que se explica en que consiste esta confederación, su organización, objetivos, programas y antecedentes.

Guardado en:
Bibliografiske detaljer
Institution som forfatter: Confederación de Cooperativas del Caribe y Centroamérica
Format: Texto
Sprog:Spanish
Udgivet: San José: CCC-CA
Fag:
Tags: Tilføj Tag
Ingen Tags, Vær først til at tagge denne postø!

MARC

LEADER 00000 a a2200000 04500
001 14709
003 cru CIDCACS/IIS
005 20230612113343.0
008 230612b |||||||| |||| 00| 0 spa d
040 |a CRAI/IIS  |c CRAI/IIS 
090 |a 03.03.04 C748c  
110 2 |9 9371  |a Confederación de Cooperativas del Caribe y Centroamérica  
245 |a Confederación Cooperativa del Caribe y Centroamérica.  |b ¿Qué es la CCC-CA? /  |c Confederación de Cooperativas del Caribe y Centroamérica  
260 |a San José:   |b CCC-CA  
300 |a 3 páginas 
500 |a Plegable  
520 |a El documento consiste en un brochure informativo acerca de la Confederación de Cooperativas del Caribe y Centroamérica, en el que se explica en que consiste esta confederación, su organización, objetivos, programas y antecedentes. 
650 |a COOPERATIVAS  
650 |a AMERICA CENTRAL  
650 |a CARIBE  
942 |2 ddc  |c LITG  |h 03.03.04 C748c   |i 04184  |6 030304_C748C_04184 
999 |c 1751  |d 1751